O, jé

Hlavní autor: Janda, Petr, 1942-
Korporativní autor: Olympic (hudební skupina)
Jazyk: Čeština
Vydáno: Praha : Supraphon, p2010
Edice: Zlatá edice (Supraphon)
Témata:
Fyzický popis: 1 zvuková deska (77:45) : digital, stereo ; 12 cm
Zvukové nahrávky
Uloženo v:
LEADER 02123njm a2200421 a 4500
001 001082336
003 CZ BrMZK
005 20100806093047.0
007 sd fsngnnmmned
008 100113p20101990xr ppn g cze d
024 3 |a 099925600327 
028 0 1 |a SU 6003-2  |b Supraphon 
040 |a BOA001  |b cze 
048 |b vu  |a od 
072 7 |a 784  |x Vokální hudba  |2 Konspekt  |9 9 
080 |a 784.4  |2 MRF 
080 |a (086.76)  |2 MRF 
100 1 |a Janda, Petr,  |d 1942-  |7 jn19990009863  |4 cmp  |4 arr  |4 sng  |4 itr 
245 1 0 |a O, jé  |h [zvukový záznam] 
260 |a Praha :  |b Supraphon,  |c p2010 
300 |a 1 zvuková deska (77:45) :  |b digital, stereo ;  |c 12 cm 
306 |a 011745 
490 0 |a Zlatá edice 
500 |a Kompaktní deska (AAD) 
500 |a Hudba, aranžmá Petr Janda 
500 |a Původní fonogramy p1990 Supraphon (O, jé), p1992 Supraphon (bonusy) 
505 0 0 |t O, jé.  |t O jé ;  |t Proč to děláš ;  |t I vesmír svý názory dřív změní ;  |t Prapodivnej stín ;  |t Stejskání ;  |t Smečka psů ;  |t Ať ;  |t To nebylo fér ;  |t Už je to tady ;  |t Hasičskej bál --  |t Bonus.  |t Záření ;  |t Nuda na zemi --  |t Afretparty.  |t Dej mi víc své lásky ;  |t Snad jsem to zavinil já ;  |t Želva ;  |t Dědečkův duch ;  |t Nebezpečná postava ;  |t Psychiatrický prášek ;  |t Krásná neznámá ;  |t Pták Rosomák ;  |t Bon soir mademoiselle Paris ;  |t Kufr ;  |t Otázky ;  |t Dynamit ;  |t Únos ;  |t Slzy tvý mámy ;  |t Maratón ;  |t Taky jsem se narodil bos ;  |t Strom ;  |t Vlak, co nikde nestaví 
511 0 |a Olympic (Petr Janda, Jiří Valenta, Milan Broum, Milan Peroutka) 
518 |a Nahráno ve studiu Propast v prosinci 1989 - lednu 1990 (O, jé) a v červnu až záží 1989 (bonus, Afterparty) 
650 0 7 |a populární písně  |7 ph124354  |y 1991-2000  |2 czenas 
650 0 7 |a rockové písně  |7 ph224439  |2 czenas 
655 7 |a kompaktní desky  |7 fd201991  |2 czenas 
710 2 |a Olympic (hudební skupina)  |7 kn20020522005 
830 0 |a Zlatá edice (Supraphon) 
910 |a BOA001  |b CDR-1236.029 
990 |a AV 
991 |b 201002 
996 6 |b 2610405841  |c CDR-1236.029  |l MZK  |r Sklad / do 24 hodin  |n 0  |p p.v.  |w 001104633  |u 000010  |a 1  |e BOA001  |j MZK50  |s P